000
00280nam a2200121Ia 4500
008
231129s9999||||xx |||||||||||||| ||spa||
040
_b
spa
082
_a
920 D497
100
_a
Devlin Bernadette
245
0
_a
El precio de mi alma
264
_a
Plaza y Janes
942
_2
ddc
_c
BKS
999
_c
12153
_d
12153